000 00557nam a22001697a 4500
005 20251108164938.0
008 250721s2000 xx 000 0 ara d
082 1 4 _aم/615.075/تفس
100 1 _aآغا، محمد حسن
_eحقق
245 1 0 _aالتفسير السريري للإختبارات المختبرية /
264 1 _aدمشق :
_bالمركز التقني المعاصر،
_c2000.
650 1 7 _aالتشخيص المخبري
650 1 7 _aالفحوص السريرية
650 1 7 _aالأمراض
942 _2ddc
_cREF
999 _c18063
_d18063